The concept of probability /

Guardado en:
Autor Principal: Lucas, J. R. 1929-
Formato: Libro
Idioma:English
Publicado: Oxford : Clarendon Press, 1970.
Etiquetas: Agregar Etiqueta
Sin Etiquetas, Sea el primero en etiquetar este registro!
LEADER 00562cam a22001815a 4500
001 MAT.inmabb002390
008 700602s1970####enk######b####001#0#eng#d
005 20130312093757.0
245 1 4 |a The concept of probability /  |c by J. R. Lucas. 
260 |a Oxford :  |b Clarendon Press,  |c 1970. 
300 |a viii, 220 p. ;  |c 23 cm. 
504 |a Incluye referencias bibliográficas. 
510 4 |a MR,  |c 44 #5989 
020 |a 0198243405 
100 1 |a Lucas, J. R.  |q (John Randolph),  |d 1929- 
084 |a 60Axx  |2 msc2000 
010 |a  70471170  
859 |h 60  |i L933  |p A-4068  |b BIB. MATEMATICA